Sports Quiz

Random Sports or Baseball Quiz

MLB .330 BA + 30 SB (1950-2010) Quiz Stats

 Plays Quiz Updated Oct 19, 2016

Challenge
Share
Tweet
Embed
Score 0/42 Timer 07:00
3 Plays Today
Year (Team) Player % Correct
2001 (SEA)Ichiro Suzuki
90%
2004 (SEA)Ichiro Suzuki
90%
2007 (SEA)Ichiro Suzuki
90%
2006 (NYY)Derek Jeter
88.6%
2009 (NYY)Derek Jeter
88.6%
2007 (FLA)Hanley Ramirez
73%
1957 (NYG)Willie Mays
72.2%
1958 (SF)Willie Mays
72.2%
2002 (MON)Vladimir Guerrero
69.5%
1984 (SD)Tony Gwynn
64.6%
1987 (SD)Tony Gwynn
64.6%
1989 (SD)Tony Gwynn
64.6%
1997 (COL)Larry Walker
60.8%
1994 (CLE)Kenny Lofton
53.1%
1973 (MIN)Rod Carew
52.4%
1974 (MIN)Rod Carew
52.4%
1975 (MIN)Rod Carew
52.4%
1976 (MIN)Rod Carew
52.4%
1986 (MON)Tim Raines
47.3%
1987 (MON)Tim Raines
47.3%
2007 (LAA)Chone Figgins
43.4%
Year (Team) Player % Correct
1987 (MIL)Paul Molitor
43.2%
1980 (PHI)Lonnie Smith
42.9%
1976 (CIN)Ken Griffey, Sr.
38.2%
1985 (STL)Willie McGee
38.2%
2001 (CLE)Roberto Alomar
37.8%
1982 (KC)Willie Wilson
36.2%
1996 (NYM)Lance Johnson
31.6%
2000 (FLA)Luis Castillo
29.9%
1958 (PHI)Richie Ashburn
24.5%
1995 (MIN)Chuck Knoblauch
23.6%
1996 (MIN)Chuck Knoblauch
23.6%
2003 (STL)Edgar Renteria
23.4%
1999 (CLE)Omar Vizquel
22.7%
1996 (COL)Ellis Burks
19.4%
1986 (LAD)Steve Sax
18.1%
1989 (OAK)Carney Lansford
15.1%
1991 (TEX)Julio Franco
14.1%
1971 (ATL)Ralph Garr
12.3%
1984 (SF)Dan Gladden
7.1%
1993 (STL)Gregg Jefferies
5.2%
1980 (CLE)Miguel Dilone
4.7%

You're not logged in!

Compare scores with friends on all Sporcle quizzes.
OR
Log In

You Might Also Like...

Show Comments

Extras

Top Quizzes Today


Score Distribution

Your Account Isn't Verified!

In order to create a playlist on Sporcle, you need to verify the email address you used during registration. Go to your Sporcle Settings to finish the process.

Report this User

Report this user for behavior that violates our Community Guidelines.

Details: